000 00615nam a2200193 a 4500
005 20140412111305.0
008 010426s19uu xx 00 eng d
020 _a0-395-77614-7
050 _aTR(PS E
_bTo55 1996
100 _aAnderson, Peggy Perry
245 _aTo the tub /
_cPeggy Perry Anderson.
260 _aBoston :
_bHoughton Mifflin Company,
_c1996.
300 _a1v. (unp.) ; ill.
520 _aJoe the frog needs a bath, but he makes the trip to the tub a challenge for his father.
650 _aFrogs-Fiction
650 _aBaths-Fiction
650 _aFathers and sons, Fiction
999 _c103657
_d103657